[Event "25th European Teams"]
[Site "Batumi GEO"]
[Date "2025.10.08"]
[Round "4.9"]
[Board "4"]
[White "Lavrencic, Matic"]
[Black "Georgiev, Kiril"]
[Result "1/2-1/2"]
[WhiteTitle "IM"]
[BlackTitle "GM"]
[WhiteElo "2479"]
[BlackElo "2526"]
[WhiteTeam "Slovenia"]
[BlackTeam "Bulgaria"]
[WhiteFideId "14637847"]
[BlackFideId "2900017"]
[EventDate "2025.10.05"]

1. e4 e5 2. Nf3 Nc6 3. Bc4 Bc5 4. c3 Nf6 5. d3 h6 6. b4 Be7 7. O-O d6 8. a4 a5
9. b5 Nb8 10. Nbd2 O-O 11. Re1 c6 12. d4 Nbd7 13. Ba3 Qc7 14. Rb1 exd4 15. cxd4
Nb6 16. Ba2 Bg4 17. bxc6 bxc6 18. Qc2 Rab8 19. e5 Nfd5 20. exd6 Bxd6 21. Bxd6
Qxd6 22. Ne5 Be6 23. Ne4 Nb4 24. Nxd6 Nxc2 25. Bxe6 fxe6 26. Nxc6 Nxe1 27. Nxb8
Rxb8 28. Rxe1 Nxa4 29. Nc4 Rb4 30. Nxa5 Rxd4 1/2-1/2

[Event "25th European Teams"]
[Site "Batumi GEO"]
[Date "2025.10.08"]
[Round "4.10"]
[Board "1"]
[White "Kadric, Denis"]
[Black "Wojtaszek, Radoslaw"]
[Result "1/2-1/2"]
[WhiteTitle "GM"]
[BlackTitle "GM"]
[WhiteElo "2533"]
[BlackElo "2654"]
[WhiteTeam "Montenegro"]
[BlackTeam "Poland"]
[WhiteFideId "14403803"]
[BlackFideId "1118358"]
[EventDate "2025.10.05"]

1. e4 c6 2. d4 d5 3. e5 Bf5 4. h4 h5 5. c4 e6 6. Nc3 dxc4 7. Bxc4 Nd7 8. Nge2
Be7 9. Be3 Nh6 10. Ng3 Bg6 11. Nxh5 Nf5 12. Nf4 Rxh4 13. Rxh4 Bxh4 14. Kf1 Nxe3+
15. fxe3 Qg5 16. Nxg6 Qxg6 17. Bd3 Qh6 18. Qf3 Be7 19. Ke2 f6 20. exf6 gxf6 21.
g4 Qh2+ 22. Qf2 Qh3 23. Qf3 Qh2+ 24. Qf2 Qh3 25. Qf3 Qh2+ 26. Qf2 1/2-1/2

[Event "25th European Teams"]
[Site "Batumi GEO"]
[Date "2025.10.08"]
[Round "4.10"]
[Board "2"]
[White "Gumularz, Szymon"]
[Black "Petrov, Nikita"]
[Result "1/2-1/2"]
[WhiteTitle "GM"]
[BlackTitle "GM"]
[WhiteElo "2592"]
[BlackElo "2576"]
[WhiteTeam "Poland"]
[BlackTeam "Montenegro"]
[WhiteFideId "1188062"]
[BlackFideId "4101286"]
[EventDate "2025.10.05"]

1. c4 e6 2. Nc3 d5 3. d4 a6 4. cxd5 exd5 5. Nf3 c6 6. Qc2 Bd6 7. Bg5 Ne7 8.
O-O-O f6 9. Bh4 Be6 10. e4 dxe4 11. Qxe4 Bf5 12. Qe3 Nd7 13. Bd3 Bxd3 14. Rxd3
Nb6 15. d5 Nxd5 16. Nxd5 cxd5 17. Rxd5 Qc7+ 18. Kb1 O-O-O 19. Rd3 Bf4 20. Qe6+
Kb8 21. Rc3 Qd7 22. Qxd7 Rxd7 23. Bg3 Bxg3 24. hxg3 h6 25. Re1 Rhd8 26. a3 Nc6
27. Rce3 Kc7 28. Rc3 Rd1+ 29. Rc1 Rxe1 30. Rxe1 Rd5 1/2-1/2

[Event "25th European Teams"]
[Site "Batumi GEO"]
[Date "2025.10.08"]
[Round "4.10"]
[Board "3"]
[White "Draskovic, Luka"]
[Black "Kosakowski, Jakub"]
[Result "1-0"]
[WhiteTitle "GM"]
[BlackTitle "GM"]
[WhiteElo "2486"]
[BlackElo "2550"]
[WhiteTeam "Montenegro"]
[BlackTeam "Poland"]
[WhiteFideId "944335"]
[BlackFideId "1185080"]
[EventDate "2025.10.05"]

1. Nf3 Nf6 2. c4 e6 3. g3 d5 4. Bg2 Be7 5. d4 O-O 6. O-O dxc4 7. Qa4 b6 8. Qxc4
Bb7 9. Bg5 Nbd7 10. Nc3 c5 11. dxc5 Bxc5 12. b4 Be7 13. Rfd1 Rc8 14. Qb3 Nd5 15.
Nxd5 Bxd5 16. Qa4 a5 17. e4 Bc6 18. b5 Bb7 19. Ne5 Nc5 20. Rxd8 Rfxd8 21. Qc2
Bxg5 22. Rd1 Rxd1+ 23. Qxd1 g6 24. h4 Be7 25. Kh2 Rc7 26. Qe2 Nd7 27. Nc4 e5 28.
Bh3 Bc5 29. Qd3 Nf8 30. Qd8 Re7 31. Nxb6 Kg7 32. Nd5 Ne6 33. Bxe6 Rxe6 34. Qc7 1-0

[Event "25th European Teams"]
[Site "Batumi GEO"]
[Date "2025.10.08"]
[Round "4.10"]
[Board "4"]
[White "Malek, Jan"]
[Black "Kosic, Dragan"]
[Result "1-0"]
[WhiteTitle "GM"]
[BlackTitle "GM"]
[WhiteElo "2508"]
[BlackElo "2351"]
[WhiteTeam "Poland"]
[BlackTeam "Montenegro"]
[WhiteFideId "21864080"]
[BlackFideId "900290"]
[EventDate "2025.10.05"]

1. d4 Nf6 2. c4 e6 3. Nc3 Bb4 4. f3 d5 5. a3 Bxc3+ 6. bxc3 c5 7. cxd5 Nxd5 8.
dxc5 f5 9. Nh3 Qa5 10. Bd2 Qxc5 11. c4 Nf6 12. e3 Nc6 13. Be2 O-O 14. Qb3 e5 15.
Qb5 Qe7 16. O-O f4 17. Nf2 Rd8 18. Qb2 fxe3 19. Bxe3 Be6 20. Rfe1 h6 21. Rac1
Rac8 22. Bf1 Re8 23. Nd3 Bf7 24. Bf4 e4 25. Nf2 Bg6 26. fxe4 Nxe4 27. Nxe4 Bxe4
28. Bd3 Qc5+ 29. Be3 Qd6 30. Bxh6 Qxh6 31. Bxe4 b6 32. Rc3 Qh4 33. Rce3 Re7 34.
Bxc6 1-0

[Event "25th European Teams"]
[Site "Batumi GEO"]
[Date "2025.10.08"]
[Round "4.11"]
[Board "1"]
[White "Lashkin, Jegor"]
[Black "Saric, Ivan"]
[Result "1/2-1/2"]
[WhiteTitle "IM"]
[BlackTitle "GM"]
[WhiteElo "2497"]
[BlackElo "2661"]
[WhiteTeam "Moldova"]
[BlackTeam "Croatia"]
[WhiteFideId "13907808"]
[BlackFideId "14508150"]
[EventDate "2025.10.05"]

1. d4 Nf6 2. c4 e6 3. Nf3 d5 4. Nc3 c6 5. e3 Nbd7 6. Qc2 Bd6 7. b3 O-O 8. Be2 b6
9. O-O Bb7 10. Bb2 Qe7 11. Rfe1 Rfe8 12. Rad1 Rad8 13. h3 a6 14. e4 dxe4 15.
Nxe4 Nxe4 16. Qxe4 Nf6 17. Qh4 Ba3 18. Bc3 a5 19. Ne5 Nd7 20. Qxe7 Bxe7 21. Bf3
Nxe5 22. dxe5 Kf8 23. a4 Rxd1 24. Rxd1 Rd8 25. Rxd8+ Bxd8 26. Be4 h6 27. g4 Ke8
28. f4 Kd7 29. Kf2 Kc8 30. Kg3 c5 31. Bxb7+ Kxb7 32. f5 Kc6 33. f6 g5 34. h4 Bc7
35. hxg5 hxg5 36. Kf3 Kd7 37. Ke4 Ke8 38. Bd2 Kf8 39. Bxg5 Kg8 40. Bh6 Bb8 41.
Kf4 Bc7 42. Ke4 Bb8 1/2-1/2

[Event "25th European Teams"]
[Site "Batumi GEO"]
[Date "2025.10.08"]
[Round "4.11"]
[Board "2"]
[White "Brkic, Ante"]
[Black "Schitco, Ivan"]
[Result "1/2-1/2"]
[WhiteTitle "GM"]
[BlackTitle "GM"]
[WhiteElo "2578"]
[BlackElo "2483"]
[WhiteTeam "Croatia"]
[BlackTeam "Moldova"]
[WhiteFideId "14506688"]
[BlackFideId "13905465"]
[EventDate "2025.10.05"]

1. e4 e5 2. Nf3 Nc6 3. Bb5 a6 4. Ba4 b5 5. Bb3 Na5 6. O-O d6 7. d4 exd4 8. Re1
Be7 9. Nxd4 Bd7 10. Qf3 Nf6 11. Nf5 O-O 12. Bd2 Nxb3 13. axb3 Bxf5 14. Qxf5 Qd7
15. Qxd7 Nxd7 16. Nc3 Rfc8 17. Ra2 c6 18. Rea1 Nb8 19. Bf4 Ra7 20. Rd1 Rd7 21.
Rd3 Rcd8 22. Ra1 Bf6 23. Rad1 Be5 24. Be3 Re8 25. f3 g6 26. Kf2 Kf8 27. b4 Re6
28. Ne2 Ke8 29. c3 Kd8 30. g4 Kc7 31. h4 Re8 32. R3d2 Rde7 33. g5 Re6 34. Nf4
R6e7 35. Ne2 Re6 36. Nf4 R6e7 37. Nd3 Bg7 38. Bf4 Rd8 39. Bg3 Nd7 40. Ra1 Ra8
41. Rad1 Rd8 42. Nc5 Ne5 43. Nxa6+ Kb6 44. Bxe5 Bxe5 45. Nc5 Bf4 46. Re2 h6 47.
gxh6 Rh8 48. Nd3 Bxh6 49. Ne1 Kc7 50. Ng2 Ra8 51. f4 Bg7 52. Kf3 Rae8 53. Re3
Re6 54. Ra1 Kb7 55. Ree1 Bf6 56. Re2 Bd8 57. Rae1 Rh8 58. Kg3 Kc7 59. Ra1 Kb7
60. Rae1 Kc7 61. e5 dxe5 62. Rxe5 Rd6 63. R1e2 Rd3+ 64. R5e3 Rd7 65. Re1 Rd2 66.
R1e2 Rd7 67. Re4 Rd3+ 68. R4e3 Rd7 69. Re4 Rd3+ 70. R4e3 1/2-1/2

[Event "25th European Teams"]
[Site "Batumi GEO"]
[Date "2025.10.08"]
[Round "4.11"]
[Board "3"]
[White "Baltag, Iulian"]
[Black "Livaic, Leon"]
[Result "1/2-1/2"]
[WhiteTitle "IM"]
[BlackTitle "GM"]
[WhiteElo "2394"]
[BlackElo "2551"]
[WhiteTeam "Moldova"]
[BlackTeam "Croatia"]
[WhiteFideId "13901419"]
[BlackFideId "14531534"]
[EventDate "2025.10.05"]

1. e4 c6 2. Nf3 d5 3. Nc3 Bg4 4. h3 Bxf3 5. Qxf3 e6 6. Be2 d4 7. Nb1 Ne7 8. c3
Ng6 9. O-O Bc5 10. d3 a5 11. a4 Nd7 12. Qg3 h5 13. Na3 h4 14. Qg5 Be7 15. Qd2
Nc5 16. Qc2 e5 17. cxd4 Qxd4 18. Nc4 Nf4 19. Be3 Nxe2+ 20. Qxe2 Qxd3 21. Qxd3
Nxd3 22. Rfd1 Nc5 23. Bxc5 Bxc5 24. Nxe5 Rh5 25. Nc4 Rd8 26. Rxd8+ Kxd8 27. Nxa5
Bxf2+ 28. Kxf2 Rxa5 29. b4 Re5 30. Rd1+ Ke7 31. Rd4 Ke6 32. Rc4 Rg5 33. a5 Kd6
34. Rd4+ Kc7 35. Kf3 Rg3+ 36. Kf2 Rg5 37. Kf3 Rg3+ 38. Kf2 Rg5 39. Kf3 1/2-1/2

[Event "25th European Teams"]
[Site "Batumi GEO"]
[Date "2025.10.08"]
[Round "4.11"]
[Board "4"]
[White "Martinovic, Sasa"]
[Black "Gubin, Dmitrii"]
[Result "1/2-1/2"]
[WhiteTitle "GM"]
[WhiteElo "2553"]
[BlackElo "2275"]
[WhiteTeam "Croatia"]
[BlackTeam "Moldova"]
[WhiteFideId "14509792"]
[BlackFideId "13911848"]
[EventDate "2025.10.05"]

1. d4 d5 2. c4 c6 3. Nc3 Nf6 4. e3 Bf5 5. Qb3 Qb6 6. Qxb6 axb6 7. cxd5 Nxd5 8.
Nxd5 cxd5 9. Ne2 Bd3 10. Nc3 Bxf1 11. Rxf1 e6 12. Bd2 Nc6 13. Ke2 Kd7 14. f3 Be7
15. Rfc1 h5 16. Be1 f5 17. Bf2 Ra5 18. a4 g5 19. b3 g4 20. h3 Raa8 21. hxg4 hxg4
22. fxg4 fxg4 23. Bg3 Bd6 24. Bxd6 Kxd6 25. Rf1 Raf8 26. Rxf8 Rxf8 27. Rh1 Ne7
28. Rh7 g3 29. Nd1 Rc8 30. Kd2 b5 31. axb5 Ra8 32. Nc3 Rf8 33. Nd1 Ra8 34. Nb2
Ra5 35. Kc3 Rxb5 36. Nd3 Ra5 37. Kb2 Ra8 38. Ne5 Rf8 39. Nf7+ Kd7 40. Ne5+ Kd6
41. Nf7+ Kd7 42. Kc3 Ra8 43. Ne5+ Kd6 44. Rg7 Ra2 45. Rxg3 Re2 46. Kd3 Rb2 47.
Kc3 Re2 48. Kb4 Nc6+ 49. Nxc6 bxc6 50. Kc3 c5 51. dxc5+ Kxc5 52. b4+ Kb5 53. Kd3
Rb2 54. Rg8 Kc6 55. Kc3 Re2 56. Kd4 e5+ 57. Kxe5 Rxe3+ 58. Kf5 Rb3 59. Rg4 Rb2
60. Rg6+ Kd7 61. Rg4 Kc6 62. Ke5 d4 63. Rg6+ Kd7 64. Rd6+ Ke7 65. Rxd4 Rxg2 66.
Rd5 Rg5+ 67. Kd4 Rxd5+ 68. Kxd5 Kd7 69. Kc5 Kc7 70. b5 Kb7 71. b6 Kb8 72. Kc6
Kc8 73. b7+ Kb8 74. Kb6 1/2-1/2

[Event "25th European Teams"]
[Site "Batumi GEO"]
[Date "2025.10.08"]
[Round "4.12"]
[Board "1"]
[White "Thybo, Jesper Sondergaard"]
[Black "Bogner, Sebastian"]
[Result "1/2-1/2"]
[WhiteTitle "GM"]
[BlackTitle "GM"]
[WhiteElo "2578"]
[BlackElo "2555"]
[WhiteTeam "Denmark"]
[BlackTeam "Switzerland"]
[WhiteFideId "1438832"]
[BlackFideId "4692055"]
[EventDate "2025.10.05"]

1. d4 d5 2. c4 e6 3. Nf3 Nf6 4. g3 Be7 5. Bg2 O-O 6. O-O dxc4 7. Qc2 a6 8. a4
Bd7 9. Qxc4 Bc6 10. Bg5 Nbd7 11. Nc3 a5 12. Rfe1 Bb4 13. e4 h6 14. Bxf6 Qxf6 15.
Qb3 Rfd8 16. Qc2 Nb6 17. Red1 Qe7 18. Ne2 Be8 19. Nf4 c5 20. d5 exd5 21. Nxd5
Nxd5 22. exd5 Bd7 23. Nd2 Bxd2 24. Qxd2 Qd6 25. b3 b6 26. Re1 Re8 27. Bf1 Rxe1
28. Rxe1 Re8 29. Rxe8+ Bxe8 30. h4 Bd7 31. Kh2 Kf8 32. Bh3 Bxh3 33. Kxh3 Qe5 34.
d6 Ke8 35. Qd3 Kd8 36. Kg2 h5 37. Qf3 Qxd6 38. Qxf7 Qc6+ 39. f3 g6 40. Kf2 Qd6
41. Qg8+ Kc7 42. Qf7+ Kd8 43. Qg8+ Kc7 44. Qf7+ 1/2-1/2

[Event "25th European Teams"]
[Site "Batumi GEO"]
[Date "2025.10.08"]
[Round "4.12"]
[Board "2"]
[White "Peng, Li Min"]
[Black "Andersen, Mads"]
[Result "1/2-1/2"]
[WhiteTitle "GM"]
[BlackTitle "GM"]
[WhiteElo "2498"]
[BlackElo "2556"]
[WhiteTeam "Switzerland"]
[BlackTeam "Denmark"]
[WhiteFideId "14112620"]
[BlackFideId "1413864"]
[EventDate "2025.10.05"]

1. d4 d5 2. c4 e6 3. Nc3 Nf6 4. Nf3 c5 5. e3 dxc4 6. Bxc4 a6 7. a4 cxd4 8. exd4
Nc6 9. O-O Be7 10. Re1 O-O 11. Bg5 h6 12. Bh4 Bd7 13. Bg3 Nb4 14. Ne5 Rc8 15.
Qb3 Nc6 16. Nxc6 Bxc6 17. Rad1 Re8 18. d5 exd5 19. Nxd5 Nxd5 20. Bxd5 Bxd5 21.
Rxd5 Bf8 22. Red1 Qe7 23. h4 Red8 24. Kh2 Rxd5 25. Qxd5 g6 26. Rd3 Bg7 27. Rb3
Rc6 28. Re3 Re6 29. Rxe6 fxe6 30. Qe4 Kf7 31. b3 h5 1/2-1/2

[Event "25th European Teams"]
[Site "Batumi GEO"]
[Date "2025.10.08"]
[Round "4.12"]
[Board "3"]
[White "Olsen, Filip Boe"]
[Black "Kurmann, Oliver"]
[Result "1/2-1/2"]
[WhiteTitle "IM"]
[BlackTitle "IM"]
[WhiteElo "2451"]
[BlackElo "2409"]
[WhiteTeam "Denmark"]
[BlackTeam "Switzerland"]
[WhiteFideId "1440640"]
[BlackFideId "1308173"]
[EventDate "2025.10.05"]

1. Nf3 d5 2. g3 Nf6 3. Bg2 e6 4. c4 Be7 5. d4 O-O 6. Nc3 dxc4 7. Ne5 Nbd7 8.
Nxc4 Nb6 9. Na5 Nbd5 10. Nb3 b6 11. O-O Bb7 12. Nb1 c5 13. dxc5 bxc5 14. Bd2 Qc7
15. e4 Nb4 16. a3 Nc6 17. Be3 Qb6 18. N1d2 Rfd8 19. Rc1 Nd4 20. Nxd4 cxd4 21.
Bg5 e5 22. Nc4 Qe6 23. Na5 Rab8 24. Nxb7 Rxb7 25. b4 a5 26. bxa5 Bxa3 27. Ra1
Bc5 28. a6 Rc7 29. Qd3 Ba7 30. Rfb1 h6 31. Bd2 Nd7 32. Ba5 Nb6 33. Qb3 Qxb3 34.
Rxb3 Rd6 35. Bf1 Rcc6 36. Rab1 Nc4 37. Be1 Rc8 38. Rc1 Nb6 39. Rxc8+ Nxc8 40.
Rb7 d3 41. Bh3 Rxa6 42. Bxc8 Ra1 43. Kg2 Rxe1 44. Rxa7 d2 45. Bg4 d1=Q 46. Bxd1
Rxd1 47. Re7 f6 1/2-1/2

[Event "25th European Teams"]
[Site "Batumi GEO"]
[Date "2025.10.08"]
[Round "4.12"]
[Board "4"]
[White "Fecker, Noah"]
[Black "Ochsner, Bjorn Moller"]
[Result "1/2-1/2"]
[WhiteTitle "FM"]
[BlackTitle "GM"]
[WhiteElo "2364"]
[BlackElo "2461"]
[WhiteTeam "Switzerland"]
[BlackTeam "Denmark"]
[WhiteFideId "1334263"]
[BlackFideId "1416928"]
[EventDate "2025.10.05"]

1. e4 c5 2. Nf3 d6 3. Bb5+ Bd7 4. Bxd7+ Nxd7 5. O-O Ngf6 6. d3 e6 7. c4 Be7 8.
Nc3 a6 9. a4 Qc7 10. Ne1 h6 11. Bd2 g5 12. Qe2 g4 13. Nc2 Ne5 14. b3 h5 15. d4
Ng6 16. Rac1 h4 17. Be3 Rc8 18. Rfd1 Rh5 19. Ne1 cxd4 20. Bxd4 Ne5 21. Nd3 h3
22. Bxe5 dxe5 23. g3 Rh8 24. c5 Kf8 25. b4 Kg7 26. Qe3 Nh7 27. Qe2 Nf6 28. Qe3
Nh7 29. Qe2 Nf6 1/2-1/2

[Event "25th European Teams"]
[Site "Batumi GEO"]
[Date "2025.10.08"]
[Round "4.13"]
[Board "1"]
[White "Kazakouski, Valery"]
[Black "Alekseenko, Kirill"]
[Result "1-0"]
[WhiteTitle "GM"]
[BlackTitle "GM"]
[WhiteElo "2581"]
[BlackElo "2679"]
[WhiteTeam "Lithuania"]
[BlackTeam "Austria"]
[WhiteFideId "13507443"]
[BlackFideId "4135539"]
[EventDate "2025.10.05"]

1. c4 Nf6 2. Nc3 e5 3. g3 Bb4 4. Bg2 O-O 5. Nf3 Bxc3 6. dxc3 d6 7. O-O Nc6 8.
Qc2 Be6 9. b3 h6 10. e4 Qd7 11. Nh4 Rae8 12. f3 Ne7 13. f4 exf4 14. Rxf4 Nh7 15.
Nf5 h5 16. Rf2 g6 17. Nd4 Kg7 18. Be3 c5 19. Nxe6+ Qxe6 20. Qd2 Rg8 21. Rd1 Rd8
22. e5 Nf5 23. Bd5 Qxe5 24. Re1 Qf6 25. h3 Rge8 26. g4 hxg4 27. hxg4 Rxe3 28.
Rxe3 Qg5 29. Re4 Nh6 30. Kf1 Rd7 31. Qf4 Qxf4 32. Rexf4 b6 33. b4 Re7 34. Re2
Rc7 35. Rfe4 Ng8 36. Rf4 Ngf6 37. Ref2 cxb4 38. cxb4 Nxd5 39. cxd5 Ng5 40. Re2
Rc1+ 41. Re1 Rc2 42. Re2 Rc1+ 43. Kg2 Kf8 44. a4 a6 45. Ra2 Ke7 46. a5 b5 47.
Re2+ Kf8 48. Rd4 Rc3 49. Rf4 Rc1 50. Rf6 Rc4 51. Rxd6 Rxg4+ 52. Kf1 Ne4 53. Rd8+
Kg7 54. Rc2 Nf6 55. Rc6 Rxb4 56. Rxa6 Rb2 57. d6 b4 58. Rb6 Ng4 59. d7 Nh2+ 60.
Ke1 Nf3+ 61. Kd1 Rd2+ 62. Kc1 Rd5 63. a6 1-0

[Event "25th European Teams"]
[Site "Batumi GEO"]
[Date "2025.10.08"]
[Round "4.13"]
[Board "2"]
[White "Dragnev, Valentin"]
[Black "Stremavicius, Titas"]
[Result "1/2-1/2"]
[WhiteTitle "GM"]
[BlackTitle "GM"]
[WhiteElo "2539"]
[BlackElo "2531"]
[WhiteTeam "Austria"]
[BlackTeam "Lithuania"]
[WhiteFideId "1634852"]
[BlackFideId "12804444"]
[EventDate "2025.10.05"]

1. d4 d5 2. c4 c5 3. cxd5 Nf6 4. e4 Nxe4 5. dxc5 Qa5+ 6. Bd2 Nxd2 7. Qxd2 Qxd2+
8. Nxd2 g6 9. Rc1 Bh6 10. Bb5+ Nd7 11. c6 bxc6 12. dxc6 Nb6 13. c7+ Bd7 14. Ba6
Bc8 15. Bb5+ Bd7 16. Ba6 Bc8 17. Be2 Bb7 18. Bb5+ Kf8 19. Bc6 Bxc6 20. Rxc6 Rc8
21. Ngf3 Bf4 22. Ke2 Rxc7 23. Rxc7 Bxc7 24. Rc1 Nd5 25. g3 Kg7 26. Nc4 Rd8 27.
a3 f6 28. b4 Kf7 29. Ne3 Bb6 30. Nxd5 Rxd5 31. a4 e5 32. a5 Bd8 33. Rc8 Ke6 34.
Ne1 Be7 35. Rb8 Rd8 36. Rxd8 Bxd8 37. Kd3 Kd5 38. Ng2 e4+ 39. Kc3 Bc7 40. Ne3+
Kc6 41. Kc4 a6 42. Ng4 Bd8 43. h4 Be7 44. h5 gxh5 45. Ne3 Bd6 46. Nf5 Be5 47.
Ne7+ Kd6 48. Nf5+ Kc6 49. Ne7+ Kd6 50. Nf5+ 1/2-1/2

[Event "25th European Teams"]
[Site "Batumi GEO"]
[Date "2025.10.08"]
[Round "4.13"]
[Board "3"]
[White "Pultinevicius, Paulius"]
[Black "Ragger, Markus"]
[Result "1/2-1/2"]
[WhiteTitle "GM"]
[BlackTitle "GM"]
[WhiteElo "2532"]
[BlackElo "2567"]
[WhiteTeam "Lithuania"]
[BlackTeam "Austria"]
[WhiteFideId "12809390"]
[BlackFideId "1610856"]
[EventDate "2025.10.05"]

1. d4 d5 2. c4 e6 3. Nc3 c6 4. e3 Nf6 5. Nf3 Nbd7 6. Bd3 dxc4 7. Bxc4 b5 8. Bd3
b4 9. Ne4 Nxe4 10. Bxe4 Bb7 11. Nd2 Be7 12. b3 Nf6 13. Bf3 O-O 14. O-O Nd5 15.
Bb2 a5 16. a4 bxa3 17. Bxa3 Ba6 18. Re1 Bb5 19. Bxe7 Qxe7 20. Ne4 e5 21. dxe5
Qxe5 22. Qd2 a4 23. bxa4 Bxa4 24. Nc5 Bb5 25. Nb3 Ne7 26. Rxa8 Rxa8 27. Rc1 g6
28. Rc5 Qb8 29. h4 Bc4 30. Nc1 Bd5 31. e4 Be6 32. h5 Qf8 33. g3 Rd8 34. Qe3 Qg7
35. Ne2 gxh5 36. Nf4 Qh6 37. Rxh5 Qf6 38. Ra5 Qd4 39. Ra8 Bc8 40. Qa3 Ng6 41.
Nxg6 hxg6 42. Qe7 Kg7 43. Bg4 Rh8 44. Be2 Qc3 45. Bf1 Be6 46. Rxh8 Kxh8 47. e5
Qxe5 48. Qe8+ Kg7 49. Qxc6 Bd5 50. Qc2 Bb7 51. Bg2 Bxg2 52. Kxg2 1/2-1/2

[Event "25th European Teams"]
[Site "Batumi GEO"]
[Date "2025.10.08"]
[Round "4.14"]
[Board "1"]
[White "Rodshtein, Maxim"]
[Black "Petriashvili, Nikoloz"]
[Result "1/2-1/2"]
[WhiteTitle "GM"]
[BlackTitle "IM"]
[WhiteElo "2647"]
[BlackElo "2489"]
[WhiteTeam "Israel"]
[BlackTeam "Georgia 2"]
[WhiteFideId "2806851"]
[BlackFideId "13611216"]
[EventDate "2025.10.05"]

1. d4 Nf6 2. c4 e6 3. Nf3 b6 4. g3 Bb7 5. Bg2 Bb4+ 6. Bd2 Bxd2+ 7. Qxd2 O-O 8.
Nc3 Ne4 9. Qd3 Nxc3 10. Ng5 Ne4 11. Nxe4 Nc6 12. Qc3 f5 13. Nd2 Qf6 14. Rc1 f4
15. d5 Ne7 16. Qxf6 Rxf6 17. Ne4 Rf5 18. Nc3 exd5 19. cxd5 Raf8 20. O-O Bxd5 21.
Nxd5 Nxd5 22. Rfd1 c6 23. Bxd5+ cxd5 24. f3 Re8 25. Rc2 fxg3 26. hxg3 Re6 27.
Rd4 Kf7 28. Rcd2 Ke7 29. Kf2 Rc6 30. b3 Rc5 31. f4 g5 32. e4 Rf8 33. Rxd5 Rxd5
34. Rxd5 gxf4 35. g4 Rc8 36. Kf3 Rc2 37. Rh5 Rxa2 38. Rxh7+ Ke6 39. Rh6+ Ke5 40.
Rh5+ Ke6 41. Rh6+ Ke5 42. Rh5+ Ke6 43. Rh6+ Ke5 1/2-1/2

[Event "25th European Teams"]
[Site "Batumi GEO"]
[Date "2025.10.08"]
[Round "4.14"]
[Board "2"]
[White "Tutisani, Noe"]
[Black "Gorshtein, Ido"]
[Result "1/2-1/2"]
[WhiteTitle "IM"]
[BlackTitle "GM"]
[WhiteElo "2424"]
[BlackElo "2537"]
[WhiteTeam "Georgia 2"]
[BlackTeam "Israel"]
[WhiteFideId "13602853"]
[BlackFideId "2815532"]
[EventDate "2025.10.05"]

1. e4 c5 2. Nf3 d6 3. d4 cxd4 4. Nxd4 Nf6 5. Nc3 a6 6. Be2 e5 7. Nb3 Be7 8. Be3
Be6 9. O-O O-O 10. Qd2 Nbd7 11. a4 Rc8 12. a5 Qc7 13. Bf3 h6 14. Rfd1 Nh7 15. h3
Bg5 16. Bg4 Bxg4 17. hxg4 Bxe3 18. Qxe3 Ndf6 19. f3 Qe7 20. Rd3 Ng5 21. Rad1 Rc6
22. Qd2 Rd8 23. Na2 Ne6 24. Nb4 Rcc8 25. c3 Qc7 26. Nd5 Nxd5 27. Rxd5 Qc4 28.
Qc2 Qc6 29. Kh2 Nf4 30. R5d2 Rd7 31. Nc1 Qc7 32. g3 Ne6 33. Rd5 Qd8 34. Qd2 Qf6
35. Qe3 Rcd8 36. Na2 Nc7 37. R5d3 d5 38. Qb6 Qxb6 39. axb6 Na8 40. c4 Nxb6 41.
cxd5 Rc7 42. Rb3 Rc2+ 43. Kh3 Nc4 44. Rc1 Rxc1 45. Nxc1 b5 46. Na2 Ra8 47. Kg2
Kf8 48. Kf2 Ke8 49. Ke2 Kd7 50. Nb4 f6 51. Nd3 Rc8 52. Rc3 a5 53. b3 Nd6 54.
Rxc8 Kxc8 55. Nc5 g5 56. Kd3 Kd8 57. Ne6+ Kd7 58. Kc3 Ke7 59. Nc5 Kd8 60. Ne6+ 1/2-1/2

[Event "25th European Teams"]
[Site "Batumi GEO"]
[Date "2025.10.08"]
[Round "4.14"]
[Board "3"]
[White "Sokolovsky, Yahli"]
[Black "Quparadze, Giga"]
[Result "1/2-1/2"]
[WhiteTitle "GM"]
[BlackTitle "GM"]
[WhiteElo "2539"]
[BlackElo "2493"]
[WhiteTeam "Israel"]
[BlackTeam "Georgia 2"]
[WhiteFideId "2820242"]
[BlackFideId "13602250"]
[EventDate "2025.10.05"]

1. e4 c5 2. Nf3 e6 3. c3 d5 4. exd5 Qxd5 5. d4 Nf6 6. Na3 Nc6 7. Be3 cxd4 8. Nb5
Qd7 9. Nbxd4 Bd6 10. Qa4 Nxd4 11. Qxd4 Be7 12. O-O-O Qxd4 13. Bxd4 O-O 14. Be2
b6 15. Ne5 Bb7 16. Bf3 Bxf3 17. Nxf3 Nd5 18. Rhe1 Rac8 19. Kc2 Rfd8 20. Kb3 Bf8
21. a3 Ne7 22. Be3 Nf5 23. Rxd8 Rxd8 24. Kc2 f6 25. Nd4 Nxd4+ 26. Bxd4 e5 27.
Be3 Kf7 28. a4 Bc5 29. Bxc5 bxc5 30. Rb1 Ke6 31. b4 1/2-1/2

[Event "25th European Teams"]
[Site "Batumi GEO"]
[Date "2025.10.08"]
[Round "4.14"]
[Board "4"]
[White "Akhvlediani, Irakli"]
[Black "Parkhov, Yair"]
[Result "1/2-1/2"]
[WhiteTitle "IM"]
[BlackTitle "GM"]
[WhiteElo "2436"]
[BlackElo "2503"]
[WhiteTeam "Georgia 2"]
[BlackTeam "Israel"]
[WhiteFideId "13601938"]
[BlackFideId "2813408"]
[EventDate "2025.10.05"]

1. Nf3 d5 2. g3 Nc6 3. d4 Bf5 4. Bg2 Nb4 5. Na3 e6 6. c3 Nc6 7. Qb3 Rb8 8. Nh4
Bg4 9. e4 dxe4 10. Bxe4 Be7 11. Nc4 Bxh4 12. gxh4 Nf6 13. Bg5 Qd7 14. Bg2 Nd5
15. Rg1 Bh5 16. Be4 f5 17. Bxd5 Qxd5 18. Ne3 Qe4 19. Qc2 Qf3 20. Qd1 Qxd1+ 21.
Nxd1 O-O 22. b4 f4 23. Nb2 e5 24. d5 Nd8 25. Nd3 Nf7 26. Bf6 Bg6 27. h5 gxf6 28.
hxg6 Ng5 29. gxh7+ Kxh7 30. Ke2 Rg8 31. Rg4 Ne4 32. Rh4+ Kg6 33. c4 Kf7 34. Rh7+
Rg7 35. Rxg7+ Kxg7 36. Rg1+ Kf7 37. h4 Rh8 38. Rh1 Nd6 39. c5 Nf5 40. h5 Nd4+
41. Kd2 Rd8 42. h6 Kg6 43. Kc3 Nf5 44. h7 Rh8 45. Nb2 b5 46. a4 a6 47. Nd3 Rxh7
48. Rxh7 Kxh7 49. a5 f3 50. Kd2 Kg6 51. c6 Ne7 52. Nc5 Nxd5 53. Nxa6 Kf5 54. Nb8
Ke4 55. a6 Nb6 56. Nd7 Nc8 57. Nxf6+ Kd4 58. Ne8 Kd5 59. Nxc7+ Kxc6 60. Ne6 Nb6
61. Ke3 Nd5+ 62. Kxf3 Kb6 63. Ke4 Nxb4 64. a7 Kxa7 65. Nc7 Kb6 66. Nxb5 1/2-1/2